Dynamika tvorby zdrojov v agrosektoroch Dánska a Írska.
Analýza problematiky tvorby zdrojov v agrárnych systémoch Dánska a Írska. Deficit v tvorbe príjmov z hospodárskej činnosti, ktorý pripadá v Dánsku na jednu farmu. Vybrané ukazovatele, ktoré ovplyvňujú tvorbu zdrojov v írskom poľnohospodárstve.
Gespeichert in:
| 1. Verfasser: | |
|---|---|
| Format: | Buchkapitel |
| Sprache: | Slowakisch |
| Schlagworte: | |
| Tags: |
Keine Tags, Fügen Sie das erste Tag hinzu!
|
MARC
| LEADER | 00000naa a2200000 4500 | ||
|---|---|---|---|
| 001 | r001503 | ||
| 005 | 20220819180739.2 | ||
| 041 | 0 | |a slo | |
| 044 | |a [CS] | ||
| 245 | 1 | 0 | |a Dynamika tvorby zdrojov v agrosektoroch Dánska a Írska. |c M. Belica |
| 520 | |a Analýza problematiky tvorby zdrojov v agrárnych systémoch Dánska a Írska. Deficit v tvorbe príjmov z hospodárskej činnosti, ktorý pripadá v Dánsku na jednu farmu. Vybrané ukazovatele, ktoré ovplyvňujú tvorbu zdrojov v írskom poľnohospodárstve. | ||
| 610 | 2 | 0 | |a zdroje finančné |
| 610 | 2 | 0 | |a poľnohospodárstvo |
| 610 | 2 | 0 | |a Dánsko |
| 610 | 2 | 0 | |a Írsko |
| 610 | 2 | 0 | |a farmy |
| 610 | 2 | 0 | |a ukazovatele ekonomické |
| 100 | 1 | |a Belica, M. | |